| 000 | 00524nam a2200181Ia 4500 | ||
|---|---|---|---|
| 001 | 23780 | ||
| 005 | 20260414151000.0 | ||
| 008 | 260414t2013||||xx |||||||||||||| ||spa|| | ||
| 041 | _aESP | ||
| 082 |
_a709.032 _bG71 |
||
| 100 |
_aGonzáles Montes, Jaime G. _eAUT |
||
| 245 | 0 |
_aEl barroco potosino : _bestudio y análisis de la forma geométrica de la arquitectura en la ciudad de San Luis Potosí |
|
| 260 | _c2013 | ||
| 300 |
_a246 páginas : _c29 cm. |
||
| 650 | _aABD | ||
| 654 | _aCAU | ||
| 942 |
_cLIB _dJUS _fJUS _2ddc _n |
||
| 999 |
_c23780 _d23780 |
||